[Event "IECG QF.2004.0.00057 email"]
[Site "IECG email"]
[Date "2004.09.04"]
[Round "?"]
[White "Faller, Peter"]
[Black "Adorjan, Attila"]
[Result "0-1"]
[WhiteElo "1000"]
[BlackElo "1000"]
[PlyCount "74"]
[EventDate "2004.09.04"]
[EventType "tourn (corr)"]
[EventRounds "6"]
[SourceTitle "Corr 2008"]
[Source "ChessBase"]
[SourceDate "2008.06.24"]
[SourceVersion "1"]
[SourceVersionDate "2008.06.24"]
[SourceQuality "1"]

1. c4 Nf6 2. d4 d5 3. Nc3 e6 4. Bg5 Be7 5. e3 Nbd7 6. Nf3 0-0 7. Rc1 c6 8. Bd3 dxc4 9. Bxc4 b5 10. Bd3 Bb7 11. b4 Bxb4 12. 0-0 Qa5 13. Qc2 Bxc3 14. Qxc3 Qxa2 15. Ne5 Nxe5 16. dxe5 Nd7 17. Be7 Rfe8 18. Bd6 Qa6 19. Rc2 Rac8 20. Ra1 Qb6 21. Qa5 Qxa5 22. Rxa5 a6 23. Ra3 c5 24. Rac3 c4 25. Be2 Nb6 26. h4 Be4 27. Rc1 Ra8 28. f3 Bc6 29. g4 Nc8 30. Kf2 Nxd6 31. exd6 Red8 32. Rd1 a5 33. e4 e5 34. Kg3 Rd7 35. f4 f6 36. g5 Rad8 37. fxe5 fxe5 0-1

[Event "IECG TE.2004.P.01508"]
[Site "IECG email"]
[Date "2004.06.17"]
[Round "?"]
[White "Faller, Peter"]
[Black "Carmona, Jose"]
[Result "1-0"]
[WhiteElo "1000"]
[BlackElo "1300"]
[PlyCount "28"]
[EventDate "2004.06.17"]
[EventType "tourn (corr)"]
[EventRounds "8"]
[SourceTitle "Corr 2024"]
[Source "ChessBase"]
[SourceDate "2023.10.19"]
[SourceVersion "1"]
[SourceVersionDate "2023.10.19"]
[SourceQuality "1"]

1. e4 e6 2. d4 d5 3. Nc3 Nf6 4. Bg5 Bb4 5. e5 h6 6. Bd2 Bxc3 7. bxc3 Ne4 8. Bd3 b6 9. Qg4 Bb7 10. Qxg7 Rf8 11. Bxh6 Nd7 12. Nf3 Qe7 13. Ng5 Nxg5 14. Bxg5 f6 1-0

[Event "IECG TE.2004.P.01508"]
[Site "IECG email"]
[Date "2004.06.17"]
[Round "?"]
[White "Faller, Peter"]
[Black "Rey, Manny"]
[Result "0-1"]
[WhiteElo "1000"]
[BlackElo "2037"]
[PlyCount "62"]
[EventDate "2004.06.17"]
[EventType "tourn (corr)"]
[EventRounds "8"]
[SourceTitle "Corr 2008"]
[Source "ChessBase"]
[SourceDate "2008.06.24"]
[SourceVersion "1"]
[SourceVersionDate "2008.06.24"]
[SourceQuality "1"]

1. e4 e6 2. d4 d5 3. Nc3 Nf6 4. Bg5 Bb4 5. e5 h6 6. Bd2 Bxc3 7. bxc3 Ne4 8. Qg4 g6 9. Nf3 c5 10. dxc5 Qc7 11. Bd3 Nxd2 12. Kxd2 Qxc5 13. Qd4 Qc7 14. Rhe1 Nc6 15. Qc5 b6 16. Qd6 Qxd6 17. exd6 Bb7 18. Nd4 Kd7 19. Nb5 Na5 20. Rad1 a6 21. Nd4 Kxd6 22. f4 Rac8 23. g4 Nc4+ 24. Kc1 g5 25. Re2 gxf4 26. Rde1 Ne3 27. h3 Rxc3 28. Kb2 Rc7 29. Rc1 Bc8 30. c3 h5 31. g5 e5 0-1

[Event "IECG TE.2004.P.01508"]
[Site "IECG email"]
[Date "2004.06.17"]
[Round "?"]
[White "Furman, Slavomir"]
[Black "Faller, Peter"]
[Result "1-0"]
[WhiteElo "1997"]
[BlackElo "1000"]
[PlyCount "37"]
[EventDate "2004.06.17"]
[EventType "tourn (corr)"]
[EventRounds "8"]
[SourceTitle "Corr 2008"]
[Source "ChessBase"]
[SourceDate "2008.06.24"]
[SourceVersion "1"]
[SourceVersionDate "2008.06.24"]
[SourceQuality "1"]

1. e4 e6 2. d4 d5 3. Nc3 Nf6 4. Bg5 Bb4 5. e5 h6 6. Bd2 Bxc3 7. bxc3 Ne4 8. Qg4 Kf8 9. h4 c5 10. Rh3 Nc6 11. Bd3 cxd4 12. cxd4 Nxd4 13. 0-0-0 Qc7 14. Bb4+ Kg8 15. Bxe4 dxe4 16. Rxd4 Qxe5 17. Bc3 Qf5 18. Rd8+ Kh7 19. Qxg7# 1-0

[Event "IECG TG.2004.0.15102"]
[Site "IECG email"]
[Date "2004.02.26"]
[Round "2"]
[White "Rice, Duncan"]
[Black "Faller, Peter"]
[Result "1-0"]
[WhiteElo "938"]
[BlackElo "1000"]
[PlyCount "115"]
[EventDate "2004.02.26"]
[EventType "match (corr)"]
[EventRounds "2"]
[SourceTitle "Corr 2008"]
[Source "ChessBase"]
[SourceDate "2008.06.24"]
[SourceVersion "1"]
[SourceVersionDate "2008.06.24"]
[SourceQuality "1"]

1. e4 c5 2. Nf3 d6 3. d4 cxd4 4. Nxd4 Nf6 5. Nc3 g6 6. Bd3 Bg7 7. h3 Nc6 8. Nxc6 bxc6 9. Be3 d5 10. exd5 cxd5 11. Bb5+ Bd7 12. 0-0 Bxb5 13. Nxb5 Qd7 14. Nxa7 0-0 15. Re1 e5 16. Bc5 Rfe8 17. Qe2 Rxa7 18. Bxa7 Qxa7 19. Qb5 Qd7 20. Qxd7 Nxd7 21. c3 f5 22. Rad1 Nf6 23. f3 e4 24. fxe4 dxe4 25. Kf2 Nh5 26. Rd7 Nf4 27. Red1 Nd3+ 28. R1xd3 exd3 29. Rxd3 Bf6 30. Rd7 Rd8 31. Rxd8+ Bxd8 32. Ke3 Kf7 33. b4 Ke6 34. Kd4 Kd6 35. a4 h5 36. c4 Bf6+ 37. Kd3 g5 38. g3 Be5 39. c5+ Kd5 40. a5 Bb8 41. a6 Ba7 42. h4 gxh4 43. gxh4 f4 44. Ke2 Kc6 45. Kf3 Bb8 46. a7 Bxa7 47. Kxf4 Kd7 48. Kg5 Ke7 49. Kxh5 Kf7 50. c6 Bb6 51. Kh6 Kg8 52. h5 Bc7 53. Kg6 Bb6 54. b5 Bc7 55. h6 Bb6 56. Kf6 Bc7 57. Ke7 Kh7 58. Kd7 1-0